[Event "Oberliga Baden 2223"]
[Site "Germany"]
[Date "2023.04.23"]
[Round "9.5"]
[White "Doll, Stefan"]
[Black "Wagner, Dinara"]
[Result "0-1"]
[WhiteElo "2131"]
[BlackElo "2358"]
[PlyCount "86"]
[EventDate "2022.09.18"]
[EventType "team-tourn"]
[EventRounds "9"]
[EventCountry "GER"]
[SourceTitle "EXT 2024"]
[Source "ChessBase"]
[SourceDate "2023.10.10"]
[SourceVersion "1"]
[SourceVersionDate "2023.10.10"]
[SourceQuality "1"]
[WhiteTeam "Baden-Baden III"]
[BlackTeam "Viernheim II"]
[WhiteTeamCountry "GER"]
[BlackTeamCountry "GER"]

1. e4 c5 2. c3 d5 3. exd5 Qxd5 4. d4 Nf6 5. Nf3 Nc6 6. dxc5 Qxd1+ 7. Kxd1 Bf5 8. Be3 e5 9. Bb5 Nd5 10. Nbd2 0-0-0 11. Bxc6 bxc6 12. Re1 f6 13. Kc1 Nxe3 14. fxe3 Bxc5 15. b4 Be7 16. e4 Be6 17. Nb3 h5 18. Kc2 h4 19. Na5 Kc7 20. a4 a6 21. Rab1 Rb8 22. Nd2 Rh6 23. Ndb3 Rg6 24. Re2 Rg4 25. Rb2 Rf4 26. Nc5 Bxc5 27. bxc5 Rxb2+ 28. Kxb2 Bg4 29. Rd2 Rxe4 30. Ka3 Re2 31. Rd6 Bd7 32. g3 hxg3 33. hxg3 Re3 34. Nc4 Rxc3+ 35. Kb4 Rxg3 36. Nb6 Bf5 37. Na8+ Kb7 38. Rd8 Rg4+ 39. Kc3 Rxa4 40. Nb6 Ra5 41. Nc4 Rxc5 42. Re8 a5 43. Kb3 Bc2+ 0-1

[Event "Kiel op 34th"]
[Site "Kiel"]
[Date "2022.07.31"]
[Round "4"]
[White "Doll, Stefan"]
[Black "Ziaeian, Shahin"]
[Result "1-0"]
[WhiteElo "2134"]
[BlackElo "1877"]
[PlyCount "101"]
[EventDate "2022.07.30"]
[EventType "swiss"]
[EventRounds "9"]
[EventCountry "GER"]
[SourceTitle "CBM 209 Extra"]
[Source "ChessBase"]
[SourceDate "2022.09.30"]
[SourceVersion "1"]
[SourceVersionDate "2022.09.30"]
[SourceQuality "1"]

1. e4 e6 2. d4 d5 3. Nd2 Nf6 4. e5 Nfd7 5. Bd3 c5 6. c3 Nc6 7. Ne2 cxd4 8. cxd4 f6 9. exf6 Nxf6 10. Nf3 Bd6 11. 0-0 Qc7 12. Bg5 0-0 13. Bh4 Nh5 14. Qc2 Rxf3 15. Bxh7+ Kh8 16. gxf3 Bxh2+ 17. Kg2 Nf4+ 18. Nxf4 Qxf4 19. Bg3 Bxg3 20. fxg3 Qxd4 21. Rh1 Qf6 22. Rh5 Ne5 23. Qe2 Nf7 24. Rah1 Bd7 25. Bg6+ Kg8 26. Bxf7+ Kxf7 27. R1h4 Qg6 28. Rh8 Rxh8 29. Rxh8 Qf6 30. Qd2 Bc6 31. Qb4 Qe7 32. Qxe7+ Kxe7 33. f4 a5 34. Kf2 d4 35. Rg8 Kf7 36. Rd8 Bd5 37. Rxd5 exd5 38. Ke2 Kf6 39. g4 g5 40. f5 a4 41. b4 axb3 42. axb3 b6 43. b4 b5 44. Kd2 d3 45. Kxd3 Ke5 46. Ke3 d4+ 47. Kd3 Kd5 48. f6 Ke6 49. Kxd4 Kxf6 50. Kd5 Kf7 51. Kc5 1-0

[Event "Pfalz op-A 11th"]
[Site "Neustadt an der Weinstrasse"]
[Date "2020.02.25"]
[Round "9"]
[White "Doll, Stefan"]
[Black "Osmanodja, Filiz"]
[Result "0-1"]
[WhiteElo "2144"]
[BlackElo "2282"]
[PlyCount "68"]
[EventDate "2020.02.21"]
[EventType "swiss"]
[EventRounds "9"]
[EventCountry "GER"]
[SourceTitle "CBM 195 Extra"]
[Source "ChessBase"]
[SourceDate "2020.05.31"]
[SourceVersion "1"]
[SourceVersionDate "2020.05.31"]
[SourceQuality "1"]

1. e4 e5 2. Nf3 Nc6 3. Bc4 Bc5 4. 0-0 Nf6 5. d3 d6 6. c3 a6 7. Bb3 Ba7 8. Nbd2 0-0 9. h3 h6 10. Re1 Nh5 11. Nf1 Qf6 12. Be3 Nf4 13. Ng3 g5 14. Nh2 Qg6 15. d4 Kh7 16. dxe5 Nxe5 17. Bxa7 Rxa7 18. Ng4 h5 19. Ne3 g4 20. h4 Rg8 21. Qd2 Ra8 22. Rad1 Nfd3 23. Rf1 Qf6 24. Nef5 Bxf5 25. Nxf5 Nf3+ 26. gxf3 gxf3+ 27. Kh1 Rg4 28. Bxf7 Rxh4+ 29. Kg1 Nf4 30. Rfe1 Qg5+ 31. Ng3 Rh1+ 32. Kxh1 Qh4+ 33. Kg1 Qh3 34. Bg6+ Nxg6 0-1

[Event "Pfalz op 10th"]
[Site "Neustadt an der Weinstrasse"]
[Date "2019.03.04"]
[Round "7"]
[White "Doll, Stefan"]
[Black "Degenhard, Simon"]
[Result "1/2-1/2"]
[WhiteElo "2112"]
[BlackElo "2259"]
[PlyCount "82"]
[EventDate "2019.03.01"]
[EventType "swiss"]
[EventRounds "9"]
[EventCountry "GER"]
[SourceTitle "CBM 189 Extra"]
[Source "ChessBase"]
[SourceDate "2019.06.03"]
[SourceVersion "1"]
[SourceVersionDate "2019.06.03"]
[SourceQuality "1"]

1. e4 c5 2. c3 d5 3. exd5 Qxd5 4. d4 g6 5. Nf3 Bg7 6. Be2 Nf6 7. 0-0 Nc6 8. Na3 cxd4 9. Nb5 Qd8 10. Nbxd4 Nxd4 11. Qxd4 0-0 12. Rd1 Qa5 13. Qh4 Bf5 14. Nd4 Bd7 15. Nb3 Qc7 16. Be3 Rfd8 17. Qc4 Qxc4 18. Bxc4 Ng4 19. Bc5 Bf8 20. Bd5 Bc6 21. Bxc6 bxc6 22. Rxd8 Rxd8 23. Bxa7 Ne5 24. Bb6 Ra8 25. a4 Nc4 26. a5 Bg7 27. Bd4 Nxb2 28. a6 Nc4 29. Kf1 Nd6 30. Ra5 Nb5 31. Bxg7 Kxg7 32. Nd4 Nxc3 33. Nxc6 Kf6 34. a7 Ke6 35. Rc5 Nd5 36. Nd4+ Kd6 37. Rc1 Nc7 38. Rd1 Kc5 39. Rc1+ Kd6 40. Rd1 Kc5 41. Rc1+ Kd6 1/2-1/2

[Event "BL2-Sued 1718"]
[Site "Germany"]
[Date "2018.02.04"]
[Round "8.8"]
[White "Doll, Stefan"]
[Black "Bettalli, Francesco"]
[Result "1-0"]
[WhiteElo "2158"]
[BlackElo "2078"]
[PlyCount "91"]
[EventDate "2017.10.21"]
[EventType "team-tourn"]
[EventRounds "10"]
[EventCountry "GER"]
[SourceTitle "CBM 183 Extra"]
[Source "ChessBase"]
[SourceDate "2018.04.19"]
[SourceVersion "1"]
[SourceVersionDate "2018.04.19"]
[SourceQuality "1"]
[WhiteTeam "Untergrombach"]
[BlackTeam "Emmendingen"]
[WhiteTeamCountry "GER"]
[BlackTeamCountry "GER"]

1. e4 c5 2. c3 Nf6 3. e5 Nd5 4. Bc4 Nb6 5. Bb3 c4 6. Bc2 Nc6 7. Nf3 Qc7 8. 0-0 Nxe5 9. Nxe5 Qxe5 10. Re1 Qc7 11. d4 d5 12. a4 Bd7 13. a5 Nc8 14. Qf3 Bc6 15. Bf4 Qd7 16. Nd2 e6 17. Qg3 Ne7 18. Nf3 Ng8 19. Ne5 Qc8 20. a6 b6 21. b3 cxb3 22. Bxb3 Nf6 23. Qd3 Bd6 24. c4 dxc4 25. Bxc4 0-0 26. Bg5 Nd5 27. Rac1 Bxe5 28. dxe5 Qd7 29. Qg3 Kh8 30. Rcd1 Rac8 31. Qh3 f6 32. exf6 gxf6 33. Bh6 Rfe8 34. Re4 Qf7 35. Rg4 e5 36. Bg7+ Qxg7 37. Rxg7 Kxg7 38. Bd3 Rh8 39. Qe6 Rhe8 40. Qf5 Rh8 41. Rc1 Ne7 42. Qg4+ Kf7 43. Bc4+ Ke8 44. Qe6 Rf8 45. Bb5 Bxb5 46. Rxc8# 1-0

[Event "Baden-ch op"]
[Site "Walldorf"]
[Date "2017.07.29"]
[Round "7"]
[White "Schmitt, Christian"]
[Black "Doll, Stefan"]
[Result "1-0"]
[WhiteElo "2153"]
[BlackElo "2172"]
[PlyCount "31"]
[EventDate "2017.07.26"]
[EventType "swiss"]
[EventRounds "7"]
[EventCountry "GER"]
[SourceTitle "CBM 179 Extra"]
[Source "ChessBase"]
[SourceDate "2017.08.23"]
[SourceVersion "1"]
[SourceVersionDate "2017.08.23"]
[SourceQuality "1"]

1. d4 d5 2. Nf3 Nf6 3. e3 e6 4. Bd3 c5 5. b3 Nc6 6. Bb2 Bd6 7. Nbd2 0-0 8. 0-0 b6 9. Ne5 Qc7 10. Nxc6 Qxc6 11. dxc5 bxc5 12. Bxf6 gxf6 13. Qh5 f5 14. Qg5+ Kh8 15. Qf6+ Kg8 16. f4 1-0

[Event "Baden-ch op"]
[Site "Walldorf"]
[Date "2017.07.28"]
[Round "4"]
[White "Doll, Stefan"]
[Black "Wiechert, Hans"]
[Result "1/2-1/2"]
[WhiteElo "2172"]
[BlackElo "2185"]
[PlyCount "113"]
[EventDate "2017.07.26"]
[EventType "swiss"]
[EventRounds "7"]
[EventCountry "GER"]
[SourceTitle "CBM 179 Extra"]
[Source "ChessBase"]
[SourceDate "2017.08.23"]
[SourceVersion "1"]
[SourceVersionDate "2017.08.23"]
[SourceQuality "1"]

1. e4 c6 2. d4 d5 3. exd5 cxd5 4. Bd3 Nc6 5. c3 Qc7 6. Ne2 Bg4 7. 0-0 e6 8. Qe1 Bd6 9. f3 Bh5 10. Qh4 Bg6 11. Bxg6 fxg6 12. Na3 a6 13. Re1 Kf7 14. Bf4 Nf6 15. Bxd6 Qxd6 16. Qf4 Qd7 17. Nc1 Rhe8 18. Nd3 Kg8 19. Re2 b6 20. Rae1 Re7 21. Nc2 Rf8 22. Qe3 Ne8 23. Ncb4 Nxb4 24. Nxb4 a5 25. Nd3 Nc7 26. Ne5 Qd6 27. Qd3 Rb8 28. h4 b5 29. Kf2 b4 30. c4 dxc4 31. Qxc4 Ree8 32. Qc5 Qxc5 33. dxc5 Rb5 34. Rc2 Na6 35. c6 Nc7 36. f4 Rd8 37. Ree2 Rd4 38. Ke3 Rd8 39. Red2 Nd5+ 40. Ke4 Rc8 41. Nf3 b3 42. axb3 Rxb3 43. Ke5 Rb6 44. Ng5 Rbxc6 45. Rxc6 Rxc6 46. Nxe6 Nf6 47. Rd8+ Kf7 48. Ng5+ Ke7 49. Ra8 Rc7 50. Rxa5 Rb7 51. Ne4 Nxe4 52. Kxe4 Rxb2 53. Ra7+ Kf8 54. Ra8+ Kf7 55. Ra7+ Kf8 56. Ra8+ Kf7 57. Ra7+ 1/2-1/2

[Event "Rhein Main op-A 20th"]
[Site "Bad Homburg"]
[Date "2017.06.16"]
[Round "4"]
[White "Oezdemir, Ali Oezden"]
[Black "Doll, Stefan"]
[Result "1/2-1/2"]
[WhiteElo "1981"]
[BlackElo "2194"]
[PlyCount "71"]
[EventDate "2017.06.14"]
[EventType "swiss"]
[EventRounds "7"]
[EventCountry "GER"]
[SourceTitle "EXT 2018"]
[Source "ChessBase"]
[SourceDate "2017.10.13"]
[SourceVersion "1"]
[SourceVersionDate "2017.10.13"]
[SourceQuality "1"]

1. e4 e5 2. Nf3 Nc6 3. Bb5 a6 4. Ba4 d6 5. c3 f5 6. exf5 Bxf5 7. 0-0 Bd3 8. Re1 Be7 9. Bc2 Bxc2 10. Qxc2 Nf6 11. d4 e4 12. Ng5 d5 13. f3 exf3 14. Nxf3 0-0 15. Nbd2 Bd6 16. Nf1 Ne4 17. Ne3 Rxf3 18. gxf3 Ng5 19. Qf5 g6 20. Qg4 h5 21. Qg2 Bxh2+ 22. Kxh2 Nxf3+ 23. Qxf3 Qh4+ 24. Kg2 Qxe1 25. Qf2 Qxf2+ 26. Kxf2 Ne7 27. Bd2 c6 28. Kg2 Rd8 29. Be1 Nc8 30. Bg3 Nd6 31. Bxd6 Rxd6 32. a4 Kg7 33. a5 Re6 34. Re1 Kf6 35. Nc2 Re4 36. Re3 1/2-1/2

[Event "Nittenau-ch 16th"]
[Site "Nittenau"]
[Date "2016.09.17"]
[Round "3"]
[White "Doll, Stefan"]
[Black "Roesch, Gerald"]
[Result "1-0"]
[WhiteElo "2219"]
[BlackElo "1880"]
[PlyCount "145"]
[EventDate "2016.09.16"]
[EventType "swiss"]
[EventRounds "5"]
[EventCountry "GER"]
[SourceTitle "EXT 2022"]
[Source "ChessBase"]
[SourceDate "2021.10.06"]
[SourceVersion "1"]
[SourceVersionDate "2021.10.06"]
[SourceQuality "1"]

1. e4 e5 2. Nf3 d6 3. d4 Qe7 4. Nc3 c6 5. Be3 Nf6 6. Qd2 Nbd7 7. Be2 h6 8. h3 g6 9. 0-0 g5 10. Nh2 Bg7 11. Rfe1 Nf8 12. Rad1 Bd7 13. a4 Ng6 14. a5 0-0 15. Nf1 Rfd8 16. Ng3 Nh4 17. dxe5 dxe5 18. Qd6 Bf8 19. Bc5 Qe6 20. Qxe6 Bxe6 21. Rxd8 Rxd8 22. Bxa7 Bb4 23. Bb6 Rd7 24. Rd1 Bxc3 25. bxc3 Ng6 26. Bd8 Nf4 27. Bf3 Rxd1+ 28. Bxd1 Nd7 29. Be7 f6 30. Nh5 Kf7 31. Ba3 Bc4 32. Nxf4 exf4 33. Bh5+ Kg7 34. g3 fxg3 35. fxg3 Be6 36. h4 Ne5 37. Kf2 Nc4 38. Bb4 g4 39. Ke2 c5 40. Bxc5 Nxa5 41. Ke3 Nc4+ 42. Kf4 Ne5 43. Bd4 Ng6+ 44. Ke3 b5 45. Kd3 Bc4+ 46. Kd2 Be6 47. Kc1 Kf7 48. Kb2 f5 49. exf5 Bxf5 50. Kb3 Ke6 51. Be3 Kd5 52. Kb4 Bxc2 53. Bxg4 Ne5 54. Be2 Bd3 55. Bxd3 Nxd3+ 56. Kxb5 h5 57. c4+ Kd6 58. Bf4+ Kd7 59. c5 Kd8 60. Kc4 Nf2 61. Kd5 Kd7 62. Bd6 Nd3 63. Ke4 Nb4 64. Kf5 Nc6 65. Kg5 Ke6 66. Kxh5 Kf7 67. Kg5 Kg7 68. Kf4 Kg6 69. g4 Nd4 70. h5+ Kh6 71. Ke4 Ne6 72. Kd5 Nd8 73. c6 1-0

[Event "Verbandsliga Nord Baden 0910"]
[Site "Baden"]
[Date "2011.03.27"]
[Round "8.1"]
[White "Rechmann, Klaus"]
[Black "Doll, Stefan"]
[Result "1/2-1/2"]
[WhiteElo "2247"]
[BlackElo "2255"]
[PlyCount "43"]
[EventDate "2010.10.17"]
[EventType "team-tourn"]
[EventRounds "9"]
[EventCountry "GER"]
[SourceTitle "EXT 2012"]
[Source "ChessBase"]
[SourceDate "2011.11.24"]
[SourceVersion "1"]
[SourceVersionDate "2011.11.24"]
[SourceQuality "1"]
[WhiteTeam "Hockenheim II"]
[BlackTeam "Untergrombach II"]
[WhiteTeamCountry "GER"]
[BlackTeamCountry "GER"]

1. e4 Nc6 2. Nf3 Nf6 3. e5 Ng4 4. d4 d6 5. h3 Nh6 6. Nc3 a6 7. Be2 g6 8. exd6 Qxd6 9. d5 Ne5 10. 0-0 Bg7 11. Bg5 Nf5 12. Nxe5 Bxe5 13. Bf3 h6 14. Bd2 Qf6 15. Ne4 Qg7 16. Bc3 Bxc3 17. Nxc3 Nd6 18. Re1 e5 19. dxe6 Bxe6 20. Bd5 0-0-0 21. Bxe6+ fxe6 22. Qg4 1/2-1/2

[Event "Verbandsliga Nord Baden 0910"]
[Site "Germany"]
[Date "2009.10.11"]
[Round "1.1"]
[White "Doll, Stefan"]
[Black "Piekors, Mark"]
[Result "0-1"]
[WhiteElo "2255"]
[BlackElo "2116"]
[PlyCount "66"]
[EventDate "2009.10.11"]
[EventType "team-tourn"]
[EventRounds "9"]
[EventCountry "GER"]
[SourceTitle "EXT 2011"]
[Source "ChessBase"]
[SourceDate "2010.11.26"]
[SourceVersion "1"]
[SourceVersionDate "2010.11.26"]
[SourceQuality "1"]
[WhiteTeam "Untergrombach II"]
[BlackTeam "Mosbach"]
[WhiteTeamCountry "GER"]
[BlackTeamCountry "GER"]

1. d4 d5 2. Nf3 Nf6 3. Bf4 c5 4. c3 Nc6 5. e3 Qb6 6. Qb3 c4 7. Qc2 Bf5 8. Qc1 h6 9. Nbd2 Qd8 10. b3 b5 11. a4 a6 12. Ne5 Nxe5 13. Bxe5 Ne4 14. Nxe4 Bxe4 15. f3 Bg6 16. Qa3 f6 17. Bg3 e6 18. b4 Qd7 19. axb5 Qxb5 20. Qa5 Qxa5 21. Rxa5 Be7 22. b5 Kd7 23. bxa6 Ra7 24. e4 Kc6 25. Be2 Rha8 26. Kd2 Rxa6 27. Rxa6+ Rxa6 28. Rc1 Ra2+ 29. Ke3 Ba3 30. Rb1 Rc2 31. exd5+ exd5 32. Rb8 Bc1+ 33. Kf2 Bd3 0-1